| 000 | 00436nam a2200145 a 4500 | ||
|---|---|---|---|
| 001 | 2426 | ||
| 003 | CDMR | ||
| 005 | 20151016133602.0 | ||
| 008 | 130130s2002||||||||||||||||||||||||||||d | ||
| 040 |
_aCDMR _bcat _cCDMR |
||
| 110 | 2 |
_91342 _aAssociació de Publicacions Periòdiques en Català |
|
| 245 | 1 | 0 |
_aLarevista de les revistes _b: comunicació en català : una galaxia en creixement |
| 260 |
_aBarcelona _c2002 _bAPPEC |
||
| 942 |
_cMON _2udc |
||
| 999 |
_c2426 _d2426 |
||